000 00687nam a22001817a 4500
003 BUBTL
008 210921b ||||| |||| 00| 0 eng d
020 _a9843000024284
082 _a349 / Ak47a
100 _94185
_aআখতারুজ্জামান, মো :
245 _aআইনের ব্যাখ্যা ও জেনারেল ক্লজেস অ্যাক্ট /
_cমো : আখতারুজ্জামান
260 _aঢাকা :
_bঅলিফ প্রকাশনী,
_cc2017
300 _axl, 472 p. :
_c24 cm.
650 0 _926
_aLaw
856 _k0
_l0
_yDownload
942 _2ddc
_cBK
999 _c6529
_d6529